000 00494cam a2200157 4500500
005 20251228072920.0
041 _afre
042 _adc
100 1 0 _aBachelet, Jean-René
_eauthor
700 1 0 _aLejbowicz, Agnès
_eauthor
245 0 0 _aLes ambitions de la France à travers son armée
260 _c2005.
500 _a53
786 0 _nCités | 24 | 4 | 2005-12-01 | p. 133-147 | 1299-5495
856 4 1 _uhttps://shs.cairn.info/revue-cites-2005-4-page-133?lang=fr&redirect-ssocas=7080
999 _c1594445
_d1594445